00302 a2200073 4500245018200000100002100182260000900203300001600212 aHormones and Cell Regulation cellulaire, 4 : Procedings of the 14 th INSERM European Symposium on Hormones and Cell Regulation, held at Mont Sainte - Odile, 25-28 Septembre 1989 aINSERM Symposium c1989 aXVII-124 p.